Focus sur: Albus Dumbledore - Harry Potter - Statistiques

Statistiques générales
  • Ce quiz a été pris 1 797 fois
  • Le résultat moyen est 13 sur 18
Statistiques - réponses
Informations recherchées Réponses % Correct
Lieu de rencontre avec Harry Potter Poudlard
99%
Ecole fréquentée Poudlard
99%
Maison fréquentée Gryffondor
95%
Première apparition Harry Potter à l'école des sorciers
95%
Profession Professeur de métamorphose/Directeur
95%
Statut du sang Sang-Mêlé
95%
Espèce de l'animal de compagnie Phénix
93%
Patronus Phénix
93%
Nom de l'animal de compagnie Fumseck
84%
Frère Abelforth Dumbledore
82%
Sœur Ariana Dumbledore
80%
Couleur des cheveux Argenté
59%
Bois de la baguette Sureau
56%
Mère Kendra Dumbledore
50%
Père Perceval Dumbledore
50%
Intérieur de la baguette Crin de Sombral
44%
Acteur l'interprétant dans les films Michael Gambon
36%
Acteur l'interprétant dans les films Richard Harris
35%
Aucun quiz correspondant
Distribution des résultats
% des personnes avec chaque résultat
Percentile par nombre de réponses
Votre historique - résultats
Vous n’avez pas pris ce quiz